000 00241nam a2200121Ia 4500
082 _a615.1
_bP10R
100 _aV.N. RAJE
245 _aPHARMACEUTICS -|
260 _bCBS- DELHI
300 _a152
650 _aPHARMACEUTICS
942 _2ddc
_cBK
999 _c7176
_d7176